L'année 2018 en sport - Statistiques

Statistiques générales
  • Ce quiz a été pris 317 fois
  • Le résultat moyen est 9 sur 15
Statistiques - réponses
Hint Réponse % Correct
Joueur français égalisant d'une demi-volée face à l'Argentine Benjamin Pavard
97%
Ballon d'or 2018 Luka Modric
97%
Chanteur, auteur du titre "ramenez la coupe à la maison", connaissant un immense succès grâce aux joueurs de l'équipe de France Vegedream
92%
Pilote monégasque, champion en formule 2 en 2017, faisant ses débuts en formule 1 au volant d'une Sauber Charles Leclerc
79%
Tenniswoman japonaise remportant l'US Open en simple dames Naomi Osaka
70%
Footballeur français, meilleur passeur de l'Europa league 2017-2018 Dimitri Payet
68%
Emission de football dans laquelle Laure Boulleau devient consultante Canal football club
67%
Meilleur buteur de la coupe du monde de football Harry Kane
62%
Basketteur des Rockets de Houston, meilleur marqueur de la saison régulière de NBA et élu MVP James Harden
61%
Alors que son fils évolue en formule 1, Carlos Sainz remporte cette célèbre course de rallye Rallye Dakar
51%
Club irlandais vainqueur du Pro14 et de la coupe d'Europe de rugby Leinster
49%
Nageur guyanais, champion de France du 100m nage libre, et du 50m et 100m papillon Mehdy Metella
25%
Entraineur de l'équipe de France de handball masculin, ancien joueur, médaillé de bronze au Championnat d'Europe Didier Dinart
22%
Entraineur de l'équipe de France de handball féminin, médaillé d'or au championnat d'Europe Olivier Krumbholz
17%
Footballeur français, remportant en tant qu'entraineur les Jeux olympiques de 1984 avec l'équipe de France et finissant 3ème de la coupe du monde 1986 Henri Michel
10%
Aucun quiz correspondant
Distribution des résultats
% des personnes avec chaque résultat
Percentile par nombre de réponses
Votre historique - résultats
Vous n’avez pas pris ce quiz